000 00553nam a2200205Ia 4500
005 20250508160427.0
008 008 250505s9999 xx 000 0 eng d
037 _aTextual
040 _aFEDL
_beng
_cFEDL
041 _aeng
_2eng
084 _a150, DAL
_qFEDL
100 _aDallett Kent
_984151
245 0 _aProblems of psychology
260 _aNew York, USA
_bJohn Wiley and Sons
_c1969
300 _avii,349p.
490 _aSeries in Psychology
650 _aPsychology
942 _cTEXL
_h150, DAL
999 _c1364543
_d1364543